[Event "Kieler Open 2015 Gruppe A"]
[Site "Kiel"]
[Date "2015.07.25"]
[Round "2.15"]
[White "Berenstein, Alexander"]
[Black "Niering, Martin"]
[Result "0-1"]
[WhiteElo "2030"]
[BlackElo "2178"]
[PlyCount "107"]
[EventDate "2015.??.??"]
[WhiteTeam "SV Rendsburg"]
[BlackTeam "SV Magdeburg"]

1. d4 d5 2. c4 e6 3. Nf3 Nf6 4. Nc3 Be7 5. Bf4 O-O 6. e3 Nbd7 7. c5 Nh5 8. b4
Nxf4 9. exf4 b6 10. a3 bxc5 11. bxc5 Bf6 12. Rc1 c6 13. Qa4 Qc7 14. g3 g6 15.
Bd3 Bg7 16. Kf1 f6 17. Kg2 e5 18. fxe5 fxe5 19. Ng5 Nf6 20. dxe5 Ng4 21. f4 Rb8
22. Nd1 Bd7 23. Re1 Nh6 24. Ne3 Rb2+ 25. Rc2 Rfb8 26. Nd1 R2b3 27. Nf2 Nf5 28.
g4 Ne7 29. h3 h6 30. Nf3 Rb1 31. Rxb1 Rxb1 32. Re2 Rb8 33. e6 Be8 34. f5 Rd8
35. Nh4 Bf6 36. Nxg6 Bxg6 37. fxg6 Rf8 38. Nh1 d4 39. Qc2 Nd5 40. Kg1 Nf4 41.
Rh2 Qe5 42. Bf1 Bh4 43. Qb3 Rb8 44. Qf3 Rb1 45. e7 Bxe7 46. Rf2 Bg5 47. h4 Bxh4
48. Qxf4 Bxf2+ 49. Qxf2 Qe3 50. Qxe3 dxe3 51. Ng3 Kg7 52. Nf5+ Kxg6 53. Nxe3
Rb3 54. Kf2 {ZÜ von Weiß} 0-1

[Event "Kieler Open 2015 Gruppe A"]
[Site "Kiel"]
[Date "2015.07.25"]
[Round "2.16"]
[White "Schnitzer, Peter"]
[Black "Pluska, Alexander"]
[Result "1-0"]
[WhiteElo "2178"]
[BlackElo "2030"]
[PlyCount "81"]
[EventDate "2015.??.??"]
[WhiteTeam "SC Kreuzberg"]
[BlackTeam "SK Doppelbauer Kiel"]

1. e4 c5 2. Nf3 e6 3. d4 cxd4 4. Nxd4 a6 5. Nc3 b5 6. Bd3 Qb6 7. Nb3 Nc6 8. Be3
Qc7 9. f4 d6 10. Qf3 Nge7 11. O-O-O Nb4 12. Kb1 Bd7 13. f5 Nec6 14. fxe6 Bxe6
15. Bf4 Ne5 16. Bxe5 dxe5 17. a3 Nxd3 18. Rxd3 Be7 19. Nd5 Bxd5 20. Rxd5 O-O
21. Rhd1 Rac8 22. Qe2 Rfd8 23. Nc1 f6 24. Na2 Rxd5 25. Rxd5 Qc4 26. Qd3 Qxd3
27. cxd3 Kf7 28. Rd7 Ke6 29. Ra7 Rc6 30. Nc3 Bxa3 31. Rxg7 Bf8 32. Rxh7 b4 33.
Nd5 a5 34. b3 f5 35. Ra7 Bh6 36. Rxa5 Rc1+ 37. Kb2 Bd2 38. Ra6+ Kd7 39. Ra1 Rc5
40. Rd1 Bg5 41. Nxb4 1-0

[Event "Kieler Open 2015 Gruppe A"]
[Site "Kiel"]
[Date "2015.07.25"]
[Round "2.17"]
[White "Neumann, Frank"]
[Black "Petri, Alexander"]
[Result "1-0"]
[WhiteElo "2027"]
[BlackElo "2167"]
[PlyCount "107"]
[EventDate "2015.??.??"]
[WhiteTeam "SC Agon Neumünster"]
[BlackTeam "SK Doppelbauer Kiel"]

1. d4 d5 2. c4 c6 3. Nc3 Nf6 4. Nf3 a6 5. c5 g6 6. Bf4 Nh5 7. e3 Nxf4 8. exf4
Bg7 9. h3 O-O 10. Bd3 Qc7 11. Qd2 Bh6 12. Ne2 f6 13. g4 e5 14. dxe5 fxe5 15. g5
e4 16. gxh6 exf3 17. Nd4 Qxf4 18. Nb3 Nd7 19. Qxf4 Rxf4 20. h4 Ne5 21. Bc2 Bg4
22. O-O-O Nf7 23. Na5 Rb8 24. Rde1 Nxh6 25. Re7 Rf7 26. Rhe1 Kf8 27. Rxf7+ Kxf7
28. Re3 Re8 29. Rxe8 Kxe8 30. Nxb7 Bd7 31. Kd2 Ng4 32. Ke1 Ke7 33. Bd3 Ne5 34.
Bxa6 Bc8 35. b4 Kd7 36. b5 Kc7 37. Na5 Nd3+ 38. Kd2 Nxc5 39. Bxc8 Kxc8 40. Nxc6
Kc7 41. Ke3 Na4 42. Nd4 Kb6 43. Kxf3 Kc5 44. Ne6+ Kxb5 45. Nf8 Kc4 46. Nxh7 d4
47. Ng5 Kc3 48. Kf4 d3 49. Nf3 Nc5 50. Ke5 Nd7+ 51. Kd6 Nf6 52. a4 Kc2 53. Ke6
Ne4 54. Kf7 {Rest fehlende Notation} 1-0

[Event "Kieler Open 2015 Gruppe A"]
[Site "Kiel"]
[Date "2015.07.25"]
[Round "2.18"]
[White "Hoffmann, Hendrik"]
[Black "Rieper, Julian"]
[Result "1/2-1/2"]
[WhiteElo "2159"]
[BlackElo "1906"]
[PlyCount "154"]
[EventDate "2015.??.??"]
[WhiteTeam "SG Leipzig"]
[BlackTeam "SK Doppelbauer Kiel"]

1. e4 e5 2. Nf3 Nc6 3. Bc4 Nf6 4. d4 exd4 5. O-O Bc5 6. e5 d5 7. exf6 dxc4 8.
Re1+ Be6 9. fxg7 Rg8 10. Bg5 Be7 11. Bxe7 Kxe7 12. Na3 Kf6 13. Nb5 d3 14. Qd2
Kxg7 15. Rad1 a6 16. Qc3+ Kf8 17. Nbd4 Nxd4 18. Nxd4 Bh3 19. Qb4+ Qd6 20. Qxd6+
cxd6 21. g3 dxc2 22. Nxc2 Rd8 23. Ne3 Be6 24. f4 f5 25. Nd5 Kf7 26. Nc7 Rg6 27.
Rd4 Rc8 28. Nd5 Rc5 29. Ne3 Rc6 30. Kf2 h5 31. a4 Rg8 32. h3 b5 33. a5 Rd8 34.
g4 hxg4 35. hxg4 Rc5 36. g5 d5 37. Nc2 b4 38. Nxb4 Rb8 39. g6+ Kf6 40. g7 Bg8
41. Nxa6 Rxb2+ 42. Re2 Rxe2+ 43. Kxe2 Rxa5 44. Nb4 Kxg7 45. Rd1 Kf6 46. Ke3
Ra3+ 47. Kf2 Ra5 48. Ke3 Rb5 49. Nc6 Rb3+ 50. Kf2 Bf7 51. Ne5 Be6 52. Ke2 Rb4
53. Rh1 Ra4 54. Rh6+ Ke7 55. Nc6+ Kd7 56. Ne5+ Kd6 57. Nf7+ Ke7 58. Ne5 Ra6 59.
Ke3 Ra1 60. Kd4 Re1 61. Kc5 c3 62. Nc6+ Kf8 63. Nd4 Bf7 64. Rh3 Re4 65. Rxc3
Rxf4 66. Rg3 Ke7 67. Re3+ Kf6 68. Nc6 Rc4+ 69. Kd6 Re4 70. Rh3 d4 71. Rd3 Re6+
72. Kc5 Re4 73. Nxd4 f4 74. Nf3 Kf5 75. Rd4 Bh5 76. Nh4+ Ke5 77. Rd5+ Kf6
1/2-1/2

[Event "Kieler Open 2015 Gruppe A"]
[Site "Kiel"]
[Date "2015.07.25"]
[Round "2.19"]
[White "Thormeier, Johannes"]
[Black "Voelzke, Ferdinand"]
[Result "1/2-1/2"]
[WhiteElo "1432"]
[BlackElo "2149"]
[PlyCount "146"]
[EventDate "2015.??.??"]
[WhiteTeam "SC Wolfsburg"]
[BlackTeam "SG Turm Kiel"]

1. c4 Nf6 2. g3 g6 3. Bg2 Bg7 4. Nc3 O-O 5. e4 e5 6. Nge2 d6 7. O-O a6 8. h3 c6
9. d3 b5 10. Be3 b4 11. Na4 c5 12. f4 Nc6 13. f5 Ne8 14. g4 f6 15. b3 Bd7 16.
Nb2 Ra7 17. Qd2 a5 18. Bh6 Qe7 19. Rf3 Bxh6 20. Qxh6 Qg7 21. Qxg7+ Kxg7 22.
Raf1 g5 23. Nd1 a4 24. Ne3 Nc7 25. R3f2 axb3 26. axb3 Ra3 27. Rb1 Rfa8 28. Nc1
Ra1 29. Rfb2 Nd4 30. Kf2 Bc6 31. Bf3 R1a5 32. Ne2 R8a7 33. Nxd4 exd4 34. Nf1
Be8 35. Ng3 Na8 36. Nf1 Nb6 37. Nd2 Nd7 38. Be2 Ne5 39. Nf3 Nc6 40. Kg3 Ra1 41.
Rxa1 Rxa1 42. Kf2 Ra3 43. Bd1 Bd7 44. Ke2 Bc8 45. Kd2 Bb7 46. Kc2 Ra8 47. Kb1
h5 48. Rh2 Rh8 49. Be2 h4 50. Bd1 Kf7 51. Ra2 Ke7 52. Kc2 Kd7 53. Kd2 Kc7 54.
Ke2 Re8 55. Kd2 Kb6 56. Kc1 Na5 57. Re2 Bc6 58. Kd2 Ra8 59. Kc1 Nb7 60. Kb2 Kc7
61. Kb1 Re8 62. Kb2 Kb6 63. Nd2 Bd7 64. Nf3 Na5 65. Nd2 Nc6 66. Nf3 Re7 67. Kb1
Bc8 68. Kb2 Ba6 69. Kb1 Ra7 70. Kb2 Bb7 71. Kb1 Na5 72. Nd2 Bc6 73. Kb2 Re7
1/2-1/2

[Event "Kieler Open 2015 Gruppe A"]
[Site "Kiel"]
[Date "2015.07.25"]
[Round "2.20"]
[White "Raddatz, Michael"]
[Black "Johansson, Thomas"]
[Result "1/2-1/2"]
[WhiteElo "2011"]
[BlackElo "2203"]
[PlyCount "129"]
[EventDate "2015.??.??"]
[WhiteTeam "Niendorfer TSV"]
[BlackTeam "UASS Uppsala"]

1. e4 e6 2. d4 d5 3. e5 c5 4. c3 Nc6 5. Nf3 Qb6 6. Bd3 cxd4 7. cxd4 Bd7 8. Nc3
Nxd4 9. Nxd4 Qxd4 10. O-O Ne7 11. Re1 a6 12. Qf3 Nc6 13. Bf4 Qb6 14. b3 Qa5 15.
Ne2 Nb4 16. Bd2 Qd8 17. Bb1 Rc8 18. Nd4 Bc5 19. Qg4 g6 20. Nf3 Qb6 21. Qh4 Be7
22. Qf4 Nc2 23. Bxc2 Rxc2 24. Qh6 Bf8 25. Qf4 Bg7 26. Be3 Qa5 27. Rec1 Rc6 28.
Rxc6 Bxc6 29. Rc1 d4 30. Bxd4 O-O 31. Bc5 Rd8 32. Bd6 Qd5 33. h4 h6 34. Be7 Rd7
35. Bf6 Qe4 36. Qxe4 Bxe4 37. Bxg7 Kxg7 38. Ne1 Rd2 39. f3 Bd5 40. Rc2 Rd4 41.
g3 g5 42. hxg5 hxg5 43. Kf2 Bc6 44. Ke3 Rd5 45. f4 gxf4+ 46. gxf4 Rd1 47. Nd3
Rh1 48. Nb4 Rh3+ 49. Kd4 Bh1 50. Rc3 Rh4 51. Rg3+ Kf8 52. Ke3 Rh2 53. Rg1 a5
54. Nd3 Bd5 55. Nf2 Ke7 56. Rg8 a4 57. bxa4 Bxa2 58. Ne4 Rh3+ 59. Kd4 Rf3 60.
Rg4 Bd5 61. Nf6 Bc6 62. Kc5 Ra3 63. Ng8+ Kf8 64. Kd6 Rd3+ 65. Kc7 1/2-1/2

[Event "Kieler Open 2015 Gruppe A"]
[Site "Kiel"]
[Date "2015.07.25"]
[Round "2.21"]
[White "Saß, Patrick"]
[Black "Lorenzen, Jan-Hendrik"]
[Result "1/2-1/2"]
[WhiteElo "1878"]
[BlackElo "2018"]
[PlyCount "58"]
[EventDate "2015.??.??"]
[WhiteTeam "SV Bad Schwartau"]
[BlackTeam "SC Agon Neumünster"]

1. Nf3 c5 2. b3 Nf6 3. Bb2 d5 4. e3 Nc6 5. Bb5 Bd7 6. O-O e6 7. Bxc6 Bxc6 8.
Ne5 Rc8 9. d3 Be7 10. f4 O-O 11. Nd2 Nd7 12. Nxc6 Rxc6 13. Nf3 f5 14. Ne5 Nxe5
15. Bxe5 Bf6 16. Bxf6 Qxf6 17. Qe2 e5 18. fxe5 Qxe5 19. Qf3 Re6 20. Rae1 Qd6
21. Re2 g6 22. Rfe1 Rfe8 23. g3 b5 24. Kf2 Kg7 25. Qf4 Qe7 26. Qf3 Re5 27. Rc1
b4 28. Ra1 h5 29. Rae1 Qd6 1/2-1/2

[Event "Kieler Open 2015 Gruppe A"]
[Site "Kiel"]
[Date "2015.07.25"]
[Round "2.22"]
[White "Gutschenreiter, Donato"]
[Black "Schäfer, Martin"]
[Result "0-1"]
[WhiteElo "1639"]
[BlackElo "1978"]
[PlyCount "100"]
[EventDate "2015.??.??"]
[WhiteTeam "Flensburger SK"]
[BlackTeam "Kieler SG"]

1. e4 d5 2. exd5 Qxd5 3. Nc3 Qd6 4. d4 Nf6 5. Nf3 a6 6. Bc4 b5 7. Bb3 e6 8. Bg5
Nbd7 9. O-O Bb7 10. Bh4 Qb6 11. Re1 c5 12. dxc5 Bxc5 13. Ng5 Qc6 14. Qf3 Qxf3
15. Nxf3 O-O 16. Nd2 Bd4 17. Rab1 Nc5 18. Bxf6 Bxf6 19. Nce4 Be7 20. Nxc5 Bxc5
21. Rbd1 Rfd8 22. Nf1 Rac8 23. c3 b4 24. c4 Bd4 25. Re2 e5 26. Red2 Re8 27. Ng3
g6 28. Ne2 Bc5 29. Ba4 Re7 30. Rd7 Rc7 31. Rxe7 Bxe7 32. b3 f5 33. Rd7 Rxd7 34.
Bxd7 Kf7 35. f3 Bc5+ 36. Kf1 Ke7 37. Ba4 Kd6 38. Ng3 e4 39. Ke2 Ke5 40. Be8 Kd4
41. Nf1 Kc3 42. Ne3 Kb2 43. Nd5 Kxa2 44. Ba4 Bxd5 45. cxd5 Kb2 46. Kd2 e3+ 47.
Ke2 f4 48. g4 g5 49. Kd3 Kc1 50. Kc4 Bd6 0-1

[Event "Kieler Open 2015 Gruppe A"]
[Site "Kiel"]
[Date "2015.07.25"]
[Round "2.23"]
[White "Zuse, Peter"]
[Black "Rohmann, Volker"]
[Result "1-0"]
[WhiteElo "2256"]
[BlackElo "1841"]
[PlyCount "53"]
[EventDate "2015.??.??"]
[WhiteTeam "Klub Kölner SF"]
[BlackTeam "SVG Friedrichsort"]

1. e4 e5 2. Nf3 Nc6 3. Bc4 Bc5 4. b4 Bxb4 5. c3 Be7 6. d4 Na5 7. Bd3 d6 8. dxe5
dxe5 9. Nxe5 Nf6 10. O-O O-O 11. Qe2 c6 12. h3 Qc7 13. f4 b5 14. Nd2 Nb7 15. c4
b4 16. Bc2 Bc5+ 17. Kh1 Bd4 18. Rb1 Bxe5 19. fxe5 Qxe5 20. Bb2 Qe7 21. Rxf6
gxf6 22. Qf2 Re8 23. Bxf6 Qd6 24. e5 Rxe5 25. Qg3+ Kf8 26. Qxe5 Qxd2 27. Qe7+
1-0

[Event "Kieler Open 2015 Gruppe A"]
[Site "Kiel"]
[Date "2015.07.25"]
[Round "2.24"]
[White "Weber, Benedikt"]
[Black "Röhl, Manfred"]
[Result "1-0"]
[WhiteElo "2009"]
[BlackElo "1826"]
[PlyCount "83"]
[EventDate "2015.??.??"]
[WhiteTeam "Reideburger SV"]
[BlackTeam "SK Bremen-Nord"]

1. e4 e5 2. Nf3 Nc6 3. Bb5 d6 4. d4 Bd7 5. Nc3 a6 6. Bxc6 bxc6 7. dxe5 Be7 8.
h3 f6 9. exd6 cxd6 10. Bf4 Be6 11. Nd4 Qd7 12. Nxe6 Qxe6 13. Qd3 g5 14. Bg3 Nh6
15. O-O-O Nf7 16. f4 gxf4 17. Bxf4 Ne5 18. Bxe5 fxe5 19. Rhf1 a5 20. Qf3 Rb8
21. Qh5+ Qg6 22. Qxg6+ hxg6 23. a3 Kd7 24. Rd3 Ke6 25. b3 Rh4 26. Kb2 c5 27.
Re3 c4 28. Rd1 Bd8 29. Nd5 Bg5 30. Rg3 Rh5 31. b4 axb4 32. axb4 Ra8 33. Kc3 Bh4
34. Rf3 Rc8 35. Ra1 Rh7 36. b5 Rb7 37. b6 Rc6 38. g3 Bd8 39. Ra8 Rd7 40. Rf8
Bc7 41. Rae8+ Re7 42. Rf6+ 1-0

[Event "Kieler Open 2015 Gruppe A"]
[Site "Kiel"]
[Date "2015.07.25"]
[Round "2.25"]
[White "Lippmann, Kai"]
[Black "Götz, Dirk"]
[Result "1-0"]
[WhiteElo "1971"]
[BlackElo "1798"]
[PlyCount "107"]
[EventDate "2015.??.??"]
[WhiteTeam "Raisdorfer SG"]
[BlackTeam "TuS Holtenau"]

1. c4 c5 2. Nc3 Nc6 3. g3 g6 4. Bg2 Bg7 5. e3 e6 6. Nge2 Nge7 7. O-O O-O 8. d4
cxd4 9. exd4 a6 10. b3 d5 11. cxd5 Nxd5 12. Nxd5 exd5 13. Be3 Be6 14. Qd2 Rc8
15. Nf4 Qd6 16. Rac1 Ne7 17. Nd3 b6 18. Bf4 Qd7 19. Be5 f6 20. Bf4 g5 21. Be3
Bh3 22. Bxh3 Qxh3 23. Qb4 Rxc1 24. Rxc1 Nc8 25. Rc7 Qf5 26. Qc3 h5 27. Qc2 h4
28. Ne1 Qe6 29. Qc6 Qg4 30. Qd7 Qxd7 31. Rxd7 hxg3 32. hxg3 Re8 33. Rxd5 Ne7
34. Rd7 Nf5 35. Ng2 Rc8 36. g4 Nh6 37. Rd6 Nxg4 38. Rxb6 Rc2 39. Rxa6 Rb2 40.
Kf1 Nh2+ 41. Ke1 Nf3+ 42. Kd1 f5 43. d5 f4 44. Bc1 Rxf2 45. Ne1 Nxe1 46. Kxe1
Rc2 47. Bd2 Rc5 48. d6 Rd5 49. Ra8+ Bf8 50. Bb4 Kf7 51. Rd8 g4 52. Kf2 Rd3 53.
a4 Rxb3 54. Rxf8+ 1-0

[Event "Kieler Open 2015 Gruppe A"]
[Site "Kiel"]
[Date "2015.07.25"]
[Round "2.26"]
[White "Millgramm, Stephan"]
[Black "Boyens, Birger"]
[Result "0-1"]
[WhiteElo "1846"]
[BlackElo "1969"]
[PlyCount "118"]
[EventDate "2015.??.??"]
[WhiteTeam "Flensburger SK"]
[BlackTeam "Husumer SV"]

1. e4 c5 2. d4 cxd4 3. c3 d5 4. exd5 Qxd5 5. Nf3 Bg4 6. Be2 d3 7. Qxd3 Qxd3 8.
Bxd3 Bxf3 9. gxf3 Nc6 10. Be3 O-O-O 11. Be2 e5 12. Nd2 f5 13. Bg5 Rd6 14. Nc4
Rg6 15. Bd2 a5 16. a4 Nf6 17. Bf1 f4 18. Bh3+ Kb8 19. Bf5 Rg5 20. Bc2 Bc5 21.
Kf1 Nd5 22. Rg1 Rxg1+ 23. Kxg1 Nb6 24. Nxb6 Bxb6 25. b4 Rd8 26. Be1 axb4 27.
cxb4 Nd4 28. Be4 Nb3 29. Ra3 Rd1 30. Kf1 Nd4 31. Bxh7 Bc7 32. Ra2 Bd6 33. Rb2
Ra1 34. Be4 Rxa4 35. Kg2 Nc6 36. Bxc6 bxc6 37. Kh3 Ra1 38. Bd2 Rg1 39. b5 c5
40. Bc3 Rc1 41. Bd2 Rd1 42. Kg4 Rg1+ 43. Kf5 Kb7 44. Bc3 Be7 45. Bxe5 Rg5+ 46.
Ke6 Rxe5+ 47. Kxe5 Bf6+ 48. Kd5 Bxb2 49. Kxc5 Bf6 50. h3 Bh4 51. Kd5 g5 52. Ke4
Kb6 53. Kd3 Bxf2 54. Kc4 Bc5 55. Kd3 Kxb5 56. Ke4 Bf2 57. Kd3 Kc5 58. Ke2 Bg3
59. Kd3 Kd5 0-1

[Event "Kieler Open 2015 Gruppe A"]
[Site "Kiel"]
[Date "2015.07.25"]
[Round "2.27"]
[White "Zimmermann, Manfred"]
[Black "Laufenburg, Frank"]
[Result "1-0"]
[WhiteElo "1957"]
[BlackElo "1746"]
[PlyCount "87"]
[EventDate "2015.??.??"]
[WhiteTeam "Kieler SG"]
[BlackTeam "SC Bergen-Enkheim"]

1. d4 c6 2. Nf3 d5 3. e3 Nf6 4. Nbd2 e6 5. Bd3 Nbd7 6. b3 Bd6 7. Bb2 O-O 8. Ne5
c5 9. O-O Qe7 10. f4 cxd4 11. exd4 g6 12. Qe2 b6 13. Rf2 Bb7 14. g4 Bxe5 15.
dxe5 Ne8 16. Nf3 Ng7 17. Nd4 a6 18. Re1 Rfe8 19. Qf3 f6 20. exf6 Nxf6 21. Rfe2
Qf7 22. f5 exf5 23. gxf5 Rxe2 24. Rxe2 Ne4 25. fxg6 hxg6 26. Rg2 Qxf3 27. Nxf3
Kh7 28. Ne5 Nf5 29. Rxg6 Ne3 30. Rg3 Rg8 31. Rxg8 Kxg8 32. Bd4 Nd1 33. Bxb6
Ndc3 34. a4 Na2 35. Ba5 Nac3 36. Ng4 Kg7 37. h4 Bc8 38. Nf2 Kh6 39. Kg2 Kh5 40.
Bd8 Bb7 41. Kf3 Nc5 42. Kg3 N3e4+ 43. Nxe4 dxe4 44. Bc4 1-0

[Event "Kieler Open 2015 Gruppe A"]
[Site "Kiel"]
[Date "2015.07.25"]
[Round "2.28"]
[White "Eberhardt, Michael"]
[Black "Möller, Dustin"]
[Result "0-1"]
[WhiteElo "1827"]
[BlackElo "1947"]
[PlyCount "62"]
[EventDate "2015.??.??"]
[WhiteTeam "SC Agon Neumünster"]
[BlackTeam "Eckernförder SC"]

1. d4 Nf6 2. c4 g6 3. Nf3 Bg7 4. Nc3 d5 5. cxd5 Nxd5 6. Na4 Bf5 7. g3 Nb4 8.
Bg2 Nc2+ 9. Kf1 Nxa1 10. Nc3 Nc2 11. e4 Nxd4 12. Nxd4 Qxd4 13. exf5 Qxd1+ 14.
Nxd1 c6 15. fxg6 hxg6 16. Nc3 Na6 17. Be3 O-O-O 18. Bf3 Kb8 19. Kg2 f5 20. a3
e5 21. Rc1 Bh6 22. b4 Bxe3 23. fxe3 e4 24. Be2 Rd2 25. Rd1 Rc2 26. b5 cxb5 27.
Rd6 Rxc3 28. Rxg6 Rc2 29. Kf1 Rxh2 30. Rg8+ Kc7 31. Rg7+ Kb6 0-1

[Event "Kieler Open 2015 Gruppe A"]
[Site "Kiel"]
[Date "2015.07.25"]
[Round "2.29"]
[White "Wanner, Lukas"]
[Black "Karlisch, Moritz"]
[Result "1-0"]
[WhiteElo "1944"]
[BlackElo "1722"]
[PlyCount "47"]
[EventDate "2015.??.??"]
[WhiteTeam "SK Doppelbauer Kiel"]
[BlackTeam "SK Doppelbauer Kiel"]

1. d4 Nf6 2. Nf3 e6 3. e3 c5 4. Bd3 b6 5. Nbd2 Bb7 6. O-O Be7 7. b3 O-O 8. Bb2
d5 9. Ne5 Ne4 10. Nxe4 dxe4 11. Bc4 Nd7 12. f4 Nf6 13. f5 exf5 14. Rxf5 g6 15.
Rf2 Nd5 16. Bxd5 Bxd5 17. c4 Bb7 18. Qg4 Bg5 19. Re1 f6 20. Qe6+ Kg7 21. d5
fxe5 22. Qxe5+ Bf6 23. Rxf6 Kh6 24. Qf4+ 1-0

[Event "Kieler Open 2015 Gruppe A"]
[Site "Kiel"]
[Date "2015.07.25"]
[Round "2.30"]
[White "Schumacher, Horst"]
[Black "Lehr, Thomas"]
[Result "0-1"]
[WhiteElo "1815"]
[BlackElo "1939"]
[PlyCount "66"]
[EventDate "2015.??.??"]
[WhiteTeam "TuS Holtenau"]
[BlackTeam "Husumer SV"]

1. e4 Nf6 2. e5 Nd5 3. d4 d6 4. Nf3 dxe5 5. Nxe5 c6 6. c4 Nb4 7. Be3 Bf5 8. Bd3
Nxd3+ 9. Nxd3 e6 10. O-O Be7 11. Nc3 Nd7 12. f3 Nb6 13. b3 O-O 14. Ne5 f6 15.
Ng4 Qc7 16. Ne4 Rad8 17. Qe1 Nd7 18. Rd1 b5 19. Bd2 Rde8 20. cxb5 cxb5 21. Rc1
Qb6 22. Be3 Qb8 23. Qd2 Nb6 24. Bf4 Qa8 25. Nd6 Bxd6 26. Bxd6 Rf7 27. Ne3 Bg6
28. Rc3 Nd5 29. Nxd5 Qxd5 30. Bg3 Rd7 31. Bf2 e5 32. Rc5 Qxc5 33. Rc1 Qd6 0-1

[Event "Kieler Open 2015 Gruppe A"]
[Site "Kiel"]
[Date "2015.07.25"]
[Round "2.31"]
[White "Janse, Alexander"]
[Black "Isler, Benjamin"]
[Result "1-0"]
[WhiteElo "1936"]
[BlackElo "1704"]
[PlyCount "93"]
[EventDate "2015.??.??"]
[WhiteTeam "Klim-op Rotterdam"]
[BlackTeam "Flensburger SK"]

1. e4 e6 2. Nc3 d5 3. Qe2 Nf6 4. d3 c5 5. g3 d4 6. Nd1 e5 7. Bg2 Nc6 8. f4 h5
9. Nf3 Bg4 10. Nf2 Qc7 11. f5 Bd6 12. h3 Bxf3 13. Bxf3 Nb4 14. a3 Qa5 15. O-O
Nc6 16. Bg5 Qd8 17. Bxh5 Be7 18. Bf3 Nh7 19. Bd2 Bg5 20. Bg2 Qf6 21. Ng4 Qd6
22. Bxg5 Nxg5 23. h4 Nh7 24. Nh2 O-O-O 25. Rfb1 g6 26. Qe1 Rdg8 27. b4 gxf5 28.
exf5 e4 29. dxe4 Rxg3 30. bxc5 Qf4 31. Rb3 Rhg8 32. Rxg3 Rxg3 33. Qf2 Qxf2+ 34.
Kxf2 Rc3 35. Ra2 Rxc5 36. Nf3 Ne5 37. Nxd4 Rc4 38. Nb5 Ra4 39. c3 Nc4 40. Kg3
a6 41. Nd4 Rxa3 42. Rxa3 Nxa3 43. e5 b6 44. f6 Nc4 45. Kf4 Nxf6 46. exf6 Kd8
47. h5 1-0

[Event "Kieler Open 2015 Gruppe A"]
[Site "Kiel"]
[Date "2015.07.25"]
[Round "2.32"]
[White "Riha, Peter"]
[Black "Müller, Winus"]
[Result "0-1"]
[WhiteElo "1787"]
[BlackElo "1927"]
[PlyCount "84"]
[EventDate "2015.??.??"]
[WhiteTeam "Schleswiger SV"]
[BlackTeam "SG Plöner See"]

1. d4 Nf6 2. c4 e6 3. Nf3 Bb4+ 4. Bd2 a5 5. g3 O-O 6. Bg2 d5 7. Ne5 Nc6 8. Nxc6
bxc6 9. O-O dxc4 10. a3 Bxd2 11. Qxd2 Nd5 12. Rd1 Ba6 13. e3 Re8 14. Qc2 Qf6
15. Nd2 Rab8 16. Bf1 c3 17. bxc3 Bxf1 18. Rxf1 c5 19. Rab1 cxd4 20. cxd4 h5 21.
h4 Rb6 22. Rxb6 cxb6 23. Rb1 e5 24. dxe5 Qxe5 25. Kg2 Qe6 26. Rc1 Rd8 27. Nf3
g6 28. Nd4 Qd6 29. Nb5 Nxe3+ 30. fxe3 Qd5+ 31. Kh3 Qxb5 32. Qf2 Qb3 33. Qf6 Rf8
34. Rc3 Qb1 35. Qf3 b5 36. e4 a4 37. Rd3 b4 38. axb4 Qxb4 39. e5 Qc4 40. Kg2
Rb8 41. Rd6 Rb2+ 42. Kh3 Qc8+ 0-1

[Event "Kieler Open 2015 Gruppe A"]
[Site "Kiel"]
[Date "2015.07.25"]
[Round "2.33"]
[White "Thesing, Ansgar"]
[Black "Kiep, Fabian"]
[Result "1-0"]
[WhiteElo "1916"]
[BlackElo "1703"]
[PlyCount "71"]
[EventDate "2015.??.??"]
[WhiteTeam "SC Kreuzberg"]
[BlackTeam "SC Agon Neumünster"]

1. e4 c5 2. Nc3 e6 3. f4 Nc6 4. Nf3 a6 5. a4 d6 6. Bc4 Be7 7. O-O Nf6 8. d3 O-O
9. Bb3 b6 10. h3 h6 11. Qe1 Nh7 12. Qg3 Kh8 13. Bd2 Bd7 14. Nd1 Bf6 15. c3 b5
16. axb5 axb5 17. Ne3 Qb6 18. Bc2 b4 19. Nc4 Qc7 20. e5 Be7 21. f5 d5 22. Nd6
exf5 23. Rxa8 Rxa8 24. Bxh6 Bf8 25. Nxf7+ Kg8 26. Bf4 Be6 27. N7g5 Nxg5 28.
Nxg5 Nd8 29. Qf3 Qd7 30. Bb3 Ra6 31. Qh5 Be7 32. Qh7+ Kf8 33. Qg6 c4 34. Nh7+
Kg8 35. Bh6 Bf8 36. Nf6+ 1-0

[Event "Kieler Open 2015 Gruppe A"]
[Site "Kiel"]
[Date "2015.07.25"]
[Round "2.34"]
[White "Schulz, Toni"]
[Black "Friedel, Roland"]
[Result "1-0"]
[WhiteElo "1895"]
[BlackElo "1691"]
[PlyCount "59"]
[EventDate "2015.??.??"]
[WhiteTeam "ESV Lok Raw Cottbus"]
[BlackTeam "SSC Rostock"]

1. d4 d5 2. Nf3 Nf6 3. Bf4 e6 4. e3 c5 5. c3 Nbd7 6. Nbd2 b6 7. Bd3 Bb7 8. h3
Be7 9. O-O Ne4 10. Ne5 O-O 11. f3 Nxd2 12. Qxd2 Nxe5 13. dxe5 Bg5 14. Bh2 Bh6
15. f4 g6 16. Rad1 Qe7 17. Qe2 Rae8 18. Rd2 Bg7 19. Bg3 Qc7 20. h4 c4 21. Bc2
b5 22. h5 a5 23. Qg4 Qc5 24. Rfd1 b4 25. Bf2 Qe7 26. Ba4 Rc8 27. Bh4 Qc7 28.
hxg6 fxg6 29. Qxe6+ Qf7 30. Qd6 1-0

[Event "Kieler Open 2015 Gruppe A"]
[Site "Kiel"]
[Date "2015.07.25"]
[Round "2.35"]
[White "Wunderlich, Matthias"]
[Black "Werner, René"]
[Result "1-0"]
[WhiteElo "1730"]
[BlackElo "1885"]
[PlyCount "83"]
[EventDate "2015.??.??"]
[WhiteTeam "BSV-KW Jänschwalde"]
[BlackTeam "Kieler SG"]

1. Nc3 d5 2. e4 d4 3. Nce2 e5 4. Ng3 Nf6 5. Bc4 Bd6 6. Nf3 h6 7. O-O O-O 8. d3
c6 9. Nh4 b5 10. Bb3 Kh7 11. Nhf5 Qc7 12. Nxd6 Qxd6 13. f4 Nbd7 14. Nf5 Qc5 15.
Qf3 Ng8 16. fxe5 Nxe5 17. Qg3 Ng6 18. Nd6 Be6 19. Rf2 a5 20. Nxf7 Bxb3 21. axb3
Qe7 22. Nd6 Rxf2 23. Kxf2 Rf8+ 24. Kg1 Ne5 25. Nf5 Qf6 26. Bd2 g6 27. Nxd4 Ng4
28. Nf3 Qxb2 29. Qc7+ Kh8 30. Qxa5 Qxc2 31. Qc3+ Qxc3 32. Bxc3+ N4f6 33. Ne5
Re8 34. Ra7 Ne7 35. Nxg6+ Nxg6 36. Bxf6+ Kg8 37. Rg7+ Kf8 38. Rxg6 Kf7 39. Rxh6
Re6 40. e5 c5 41. Rh7+ Kg6 42. Rc7 1-0

[Event "Kieler Open 2015 Gruppe A"]
[Site "Kiel"]
[Date "2015.07.25"]
[Round "2.36"]
[White "Rosenkranz, Bernd-Christian"]
[Black "Reinhardt, Johannes"]
[Result "1/2-1/2"]
[WhiteElo "1708"]
[BlackElo "1875"]
[PlyCount "48"]
[EventDate "2015.??.??"]
[WhiteTeam "SV VHS Rendsburg"]
[BlackTeam "SV Bad Schwartau"]

1. c4 Nf6 2. g3 g6 3. Bg2 Bg7 4. Nc3 O-O 5. e4 d6 6. Nge2 c5 7. O-O Nc6 8. d3
a6 9. Rb1 Rb8 10. b3 e5 11. f4 b5 12. fxe5 dxe5 13. Bg5 h6 14. Bxf6 Bxf6 15.
Nd5 Bg7 16. Rf2 Bg4 17. Qf1 Bxe2 18. Rxe2 Nb4 19. Rf2 Nxd5 20. exd5 Qd6 21. Kh1
f5 22. Re1 Rb7 23. Bh3 bxc4 24. bxc4 Rfb8 1/2-1/2

[Event "Kieler Open 2015 Gruppe A"]
[Site "Kiel"]
[Date "2015.07.25"]
[Round "2.37"]
[White "Wegemund, Hubert"]
[Black "GutierrezBolado, Juan Antonio"]
[Result "1-0"]
[WhiteElo "1873"]
[BlackElo "1669"]
[PlyCount "61"]
[EventDate "2015.??.??"]
[WhiteTeam "SK Norderstedt"]
[BlackTeam "Spanien"]
[BlackTeamCountry "ESP"]

1. e4 c5 2. Nf3 Nc6 3. d4 cxd4 4. Nxd4 Qb6 5. Nb5 a6 6. Be3 Qa5+ 7. N5c3 e6 8.
a3 Nf6 9. Nd2 Be7 10. Nc4 Qh5 11. Be2 Qg6 12. Bf3 e5 13. h4 h6 14. h5 Qh7 15.
Nd6+ Kf8 16. Nd5 Nxd5 17. Qxd5 Bxd6 18. Qxd6+ Ke8 19. O-O-O g5 20. Bg4 f6 21.
Bf5 Qe7 22. Qd5 d6 23. Bg6+ Kf8 24. Qxd6 Be6 25. Qxe7+ Nxe7 26. Bc5 Bf7 27. Rd7
Re8 28. Bxf7 Kxf7 29. Rxb7 Rh7 30. Rd1 Kg8 31. Rdd7 1-0

[Event "Kieler Open 2015 Gruppe A"]
[Site "Kiel"]
[Date "2015.07.25"]
[Round "2.38"]
[White "Helmich, Jörg"]
[Black "Gutschenreiter, Dorian"]
[Result "0-1"]
[WhiteElo "1704"]
[BlackElo "1865"]
[PlyCount "50"]
[EventDate "2015.??.??"]
[WhiteTeam "Regensb. Turnerschaft"]
[BlackTeam "Flensburger SK"]

1. e4 c5 2. Nc3 d6 3. f4 g6 4. Nf3 Bg7 5. Bb5+ Bd7 6. Bxd7+ Qxd7 7. O-O e6 8.
d3 Ne7 9. Qe1 O-O 10. Nh4 Nbc6 11. f5 exf5 12. exf5 Nxf5 13. Nxf5 gxf5 14. Qg3
Kh8 15. Bf4 Bd4+ 16. Be3 Rg8 17. Qh3 Bxe3+ 18. Qxe3 Rae8 19. Qf4 Nd4 20. Rae1
Qc6 21. Qf2 Rxe1 22. Rxe1 Nf3+ 23. Kf1 Nxh2+ 24. Kg1 Nf3+ 25. Kf1 Nxe1 0-1